000 00582nam a2200241Ia 4500
003 OSt
005 20221005131921.0
006 a|||||r|||| 00| 0
007 ta
008 221004b |||||||| |||| 00| 0 tam d
024 _a51662
037 _cTextual
040 _aCRL
_cCRL
_btam
041 _2tam
_atam
082 _aR, 31N6
100 _aSelvamani Nirmal
_9640296
245 0 _aTamil kadohi neriyiyal
260 _c1996
300 _a240p.
_ccm.
650 _aPHILOSOPHY
942 _hR, 31N6
_cTEXL
_2cc
999 _c1061827
_d1061827